Normal view
MARC view
- Queen, David D.,
Entry Personal Name
001 - CONTROL NUMBER
- control field: 153621
003 - CONTROL NUMBER IDENTIFIER
- control field: DLC
005 - DATE AND TIME OF LATEST TRANSACTION
- control field: 20260413165153.0
008 - FIXED-LENGTH DATA ELEMENTS
- fixed length control field: 960618n| acannaab| |n aaa c
010 ## - LIBRARY OF CONGRESS CONTROL NUMBER
- LC control number: no 96031138
035 ## - SYSTEM CONTROL NUMBER
- System control number: (OCoLC)oca04101494
040 ## - CATALOGING SOURCE
- Original cataloging agency: MoSU-L
- Transcribing agency: MoSU-L
100 10 - HEADING--PERSONAL NAME
- Personal name: Queen, David D.,
- Dates associated with a name: 1947-
670 ## - SOURCE DATA FOUND
- Source citation: Designing a health care corporate compliance program, c1995:
- Information found: t.p. (David D. Queen)
670 ## - SOURCE DATA FOUND
- Source citation: Martindale-Hubbell, 1995:
- Information found: v. 8, p. MD44P (Queen, David D.; b. 1947)



